The Confessions : (Record no. 604595)

MARC details
000 -LEADER
fixed length control field 00502nam a2200193 a 4500
008 - FIXED-LENGTH DATA ELEMENTS--GENERAL INFORMATION
fixed length control field 251224s1998##################000#0#eng##
020 ## - INTERNATIONAL STANDARD BOOK NUMBER
ISBN 9780192833723
082 04 - DEWEY DECIMAL CLASSIFICATION NUMBER
Classification number 270.2092
Item number CHA
100 1# - MAIN ENTRY--AUTHOR NAME
Personal name Augustine, Saint,
245 10 - TITLE STATEMENT
Title The Confessions :
260 ## - PUBLICATION, DISTRIBUTION, ETC. (IMPRINT)
Name of publisher Oxford Paperbacks,
Year of publication 1998.
300 ## - PHYSICAL DESCRIPTION
Number of Pages 356 pages
650 #0 - SUBJECT ADDED ENTRY--TOPICAL TERM
Topical Term Literary Collections.
942 ## - ADDED ENTRY ELEMENTS (KOHA)
Koha item type English Books
Holdings
Withdrawn status Lost status Damaged status Not for loan Home library Current library Shelving location Date acquired Full call number Accession Number Price effective from Koha item type
        Anna Centenary Library Anna Centenary Library 3RD FLOOR, B WING 26.12.2025 270.2092 CHA 286930 26.12.2025 English Books

Find us on the map